000 01018nam a22002657a 4500
005 20170123162334.0
010 _aA-770457
020 _c60.00
035 _aA-770457
037 _bCen Lib/Ret
040 _aDPL
_bUR
082 _a842
_bت ے ن
100 _aتندولکر، وجے
_9123098
245 _aکنیا دان :
_cوجے تندولکر ؛ اردو ترجمہ صادق
_bسرسوتی سممان یافتہ مراٹھی ڈرامہ /
246 _aKanya dan : sarasvati smman yafta marathi drama /
_bby Vijay Tendulkar ; urdu translation Sadiq
260 _bتخلکار پبلشرس
_aدہلی
_c1995
270 _a١٠٤/ب- یاور منزل آی بلاک لکشمی نگر
_bدہلی
_e110092
300 _a108p.
_c21cm(Hb)
650 _aادب -- مراٹھی
_9123099
650 _aمراٹھی ڈرامے
_9646
650 _aLiterature -- Marathi
_9123100
650 _aMarathi drama
_9123101
700 _aصادق
_9123102
942 _2ddc
_cUR
_h842
_mت ے ن
999 _c107987
_d107987